[Event "?"]
[Site "?"]
[Date "1997.08.12"]
[Round "4"]
[White "Andersson, Fredrik"]
[Black "Lehmann, Holger"]
[Result "1-0"]
[WhiteElo "2025"]
[BlackElo "2160"]
[PlyCount "57"]

1. e4 c5 2. Nf3 Nc6 3. Bb5 g6 4. O-O Bg7 5. Re1 Nf6 6. c3 O-O 7. d4 cxd4 8.
cxd4 d5 9. e5 Ne4 10. Nc3 Nxc3 11. bxc3 Bd7 12. Bd3 Bg4 13. h3 Bxf3 14. Qxf3 e6
15. Ba3 Re8 16. Rab1 Qd7 17. Rb2 Bf8 18. Bxf8 Rxf8 19. h4 Na5 20. h5 Qe7 21.
Qg4 Kg7 22. f4 Rg8 23. f5 exf5 24. Bxf5 Kf8 25. hxg6 hxg6 26. Bd3 b6 27. Rf1
Rg7 28. Rf6 Kg8 29. Rbf2 {Black lost on time.} 1-0

[Event "?"]
[Site "?"]
[Date "1997.08.12"]
[Round "4"]
[White "Ziegler, Ari"]
[Black "Pribyl, Josef"]
[Result "1/2-1/2"]
[WhiteElo "2440"]
[BlackElo "2430"]
[PlyCount "24"]

1. d4 Nf6 2. c4 g6 3. Nc3 d5 4. Nf3 Bg7 5. Qb3 dxc4 6. Qxc4 O-O 7. e4 Nfd7 8.
Be3 Nb6 9. Qc5 N8d7 10. Qg5 e5 11. Qg3 exd4 12. Bxd4 Nf6 1/2-1/2

[Event "?"]
[Site "?"]
[Date "1997.08.12"]
[Round "4"]
[White "Berg, Emanuel"]
[Black "Berg, Klaus"]
[Result "1/2-1/2"]
[WhiteElo "2285"]
[BlackElo "2410"]
[PlyCount "35"]

1. e4 c6 2. d4 d5 3. Nc3 dxe4 4. Bc4 Nf6 5. f3 Nbd7 6. Nxe4 e6 7. Ne2 Be7 8.
O-O Qb6 9. Kh1 O-O 10. c3 c5 11. dxc5 Nxc5 12. Nxf6+ Bxf6 13. Ng3 Rd8 14. Qe2
Bd7 15. Be3 Qc6 16. Bxc5 Qxc5 17. Ne4 Qe7 18. Nxf6+ 1/2-1/2

[Event "?"]
[Site "?"]
[Date "1997.08.12"]
[Round "4"]
[White "Andersson, Goran"]
[Black "Schaller, Sven"]
[Result "0-1"]
[WhiteElo "2200"]
[BlackElo "2315"]
[PlyCount "80"]

1. e4 c5 2. Nf3 d6 3. d4 cxd4 4. Nxd4 Nf6 5. Nc3 a6 6. Bg5 e6 7. f4 Qb6 8. Qd2
Qxb2 9. Rb1 Qa3 10. Be2 Be7 11. O-O Nbd7 12. Rf3 Qc5 13. Kh1 h6 14. Bh4 Qc7 15.
Re3 O-O 16. Bg3 Nb6 17. Qd3 Nfd7 18. Bf3 Bf6 19. Rbe1 Nc4 20. R3e2 Nb2 21. Qd2
Qc4 22. Bf2 Qc7 23. Bg3 Nb6 24. Nd1 N6c4 25. Qc3 Na4 26. Qd3 Rd8 27. c3 Bd7 28.
e5 dxe5 29. fxe5 Bg5 30. h4 Be7 31. Qe4 Nc5 32. Qg4 Nd3 33. Rf1 Ndxe5 34. Qh5
Bd6 35. Be4 f5 36. Nxf5 exf5 37. Bd5+ Kh7 38. Bf4 Rf8 39. Ref2 Ng4 40. Rf3 g6
0-1

[Event "?"]
[Site "?"]
[Date "1997.08.12"]
[Round "4"]
[White "Welin, Mats"]
[Black "Moberg, Karl Johan"]
[Result "1/2-1/2"]
[WhiteElo "2160"]
[BlackElo "2320"]
[PlyCount "75"]

1. e4 e5 2. Nf3 Nc6 3. Bb5 a6 4. Ba4 Nf6 5. O-O b5 6. Bb3 Bc5 7. a4 Bb7 8. d3
d6 9. Be3 Bxe3 10. fxe3 Ne7 11. Nc3 b4 12. Ne2 Ng6 13. Ng3 O-O 14. Qd2 a5 15.
h3 d5 16. exd5 Bxd5 17. Bxd5 Qxd5 18. e4 Qc5+ 19. Rf2 Nd7 20. Nf5 f6 21. Raf1
Qc6 22. b3 Nc5 23. h4 Qd7 24. Nh2 Ne6 25. Ng4 Ne7 26. Nxg7 Nxg7 27. Nxf6+ Rxf6
28. Rxf6 Qg4 29. Qg5 Qxg5 30. hxg5 Ng6 31. Rf7 Ne6 32. Rd7 Rc8 33. Rff7 Ngf8
34. Rde7 Ng6 35. Rd7 Ngf8 36. Rde7 Ng6 37. Rd7 Ngf8 38. Rde7 1/2-1/2

[Event "?"]
[Site "?"]
[Date "1997.08.13"]
[Round "5"]
[White "Moberg, Karl Johan"]
[Black "Berg, Emanuel"]
[Result "1/2-1/2"]
[WhiteElo "2320"]
[BlackElo "2285"]
[PlyCount "83"]

1. e4 e6 2. d4 d5 3. Nd2 Nf6 4. e5 Nfd7 5. c3 c5 6. f4 Nc6 7. Ngf3 cxd4 8. cxd4
Qb6 9. Nb3 a5 10. a4 Bb4+ 11. Kf2 f6 12. Be3 O-O 13. Bb5 Rf7 14. Rc1 Nf8 15. h4
Bd7 16. h5 Ne7 17. Bxd7 Nxd7 18. g4 f5 19. g5 Rff8 20. Qe2 Rfc8 21. Rxc8+ Rxc8
22. Rc1 Rxc1 23. Nxc1 Qc6 24. b3 Nb8 25. Bd2 Na6 26. Nd3 Qb6 27. Nxb4 Nxb4 28.
Qb5 Qxb5 29. axb5 Nc8 30. Bxb4 axb4 31. Ne1 Na7 32. Nd3 Nxb5 33. Ke3 b6 34.
Nxb4 Kf7 35. Kd3 Ke7 36. Nc6+ Kd7 37. Nb8+ Kc7 38. Na6+ Kb7 39. Nb4 Na3 40. Kc3
Nb5+ 41. Kd3 Na3 42. Kc3 1/2-1/2

[Event "?"]
[Site "?"]
[Date "1997.08.13"]
[Round "5"]
[White "Berg, Klaus"]
[Black "Welin, Mats"]
[Result "1/2-1/2"]
[WhiteElo "2410"]
[BlackElo "2160"]
[PlyCount "56"]

1. Nf3 Nf6 2. c4 e6 3. Nc3 Bb4 4. Qb3 a5 5. a3 Bxc3 6. Qxc3 O-O 7. d4 b6 8. Bg5
Bb7 9. e3 d6 10. Be2 Nbd7 11. Qc2 Qe8 12. Nd2 h6 13. Bxf6 Nxf6 14. Bf3 Bxf3 15.
Nxf3 b5 16. O-O Qc6 17. Rfc1 b4 18. c5 Qd5 19. cxd6 cxd6 20. Qc4 Rfb8 21. Qxd5
Nxd5 22. Nd2 bxa3 23. bxa3 Rc8 24. Kf1 Kf8 25. Rc4 Nb6 26. Rxc8+ Rxc8 27. Rb1
Nc4 28. Nxc4 Rxc4 1/2-1/2

[Event "?"]
[Site "?"]
[Date "1997.08.13"]
[Round "5"]
[White "Wolf, Ulrich"]
[Black "Cankulovski, Bojko"]
[Result "1/2-1/2"]
[WhiteElo "2200"]
[BlackElo "2210"]
[PlyCount "30"]

1. Nf3 e6 2. g3 b6 3. Bg2 Bb7 4. c4 Nf6 5. O-O Be7 6. Nc3 O-O 7. b3 d5 8. d4 c5
9. cxd5 Nxd5 10. Bb2 Nd7 11. Re1 cxd4 12. Nxd5 Bxd5 13. Nxd4 Bxg2 14. Kxg2 Qc8
15. Rc1 Qb7+ 1/2-1/2

[Event "?"]
[Site "?"]
[Date "1997.08.13"]
[Round "5"]
[White "Lahlum, Hans Olav"]
[Black "Andersson, Fredrik"]
[Result "1/2-1/2"]
[WhiteElo "2230"]
[BlackElo "2025"]
[PlyCount "98"]

1. d4 Nf6 2. c4 e6 3. Nc3 Bb4 4. Qc2 c5 5. dxc5 O-O 6. a3 Bxc5 7. Nf3 Nc6 8.
Bg5 Be7 9. e3 b6 10. Bd3 h6 11. Bh4 Bb7 12. O-O Rc8 13. Qe2 d6 14. Rac1 a6 15.
Rfd1 Qc7 16. b4 Ne5 17. Nxe5 dxe5 18. Bxf6 Bxf6 19. Be4 Be7 20. Rc2 Bxe4 21.
Nxe4 f5 22. Nd2 a5 23. bxa5 bxa5 24. Rc3 Bc5 25. Rb1 Rfd8 26. Rb5 a4 27. Nf1 e4
28. Qb2 Rd7 29. Rc2 Rcd8 30. g3 e5 31. Qc3 Ra8 32. Rd2 Rxd2 33. Qxd2 Qd6 34.
Ra5 Rxa5 35. Qxa5 Bxa3 36. Qxa4 Bb4 37. Qb5 Kh7 38. Kg2 Kg8 39. Qe8+ Kh7 40.
Qf7 Qg6 41. Qxg6+ Kxg6 42. f3 exf3+ 43. Kxf3 e4+ 44. Ke2 Kf6 45. Nd2 Ke5 46.
Nb3 g5 47. Nd4 Bc3 48. Nb5 Bb4 49. Nd4 Bc3 1/2-1/2

[Event "?"]
[Site "?"]
[Date "1997.08.13"]
[Round "5"]
[White "Kretz, Johan"]
[Black "Hiebel, Johannes"]
[Result "1-0"]
[WhiteElo "2195"]
[BlackElo "2305"]
[PlyCount "137"]

1. d4 Nf6 2. c4 e6 3. Nf3 Bb4+ 4. Bd2 Be7 5. Nc3 d5 6. Bg5 Ne4 7. Bxe7 Qxe7 8.
Rc1 c6 9. cxd5 exd5 10. Nxd5 Qd8 11. Nc3 Ng5 12. Nxg5 Qxg5 13. Qd2 Qg6 14. Qe3+
Kf8 15. Qg3 Qxg3 16. hxg3 Nd7 17. Ne4 Ke7 18. e3 h6 19. Bd3 Rd8 20. Rh5 f6 21.
f3 Nb6 22. Ke2 Be6 23. Ra5 a6 24. Nc5 Rab8 25. g4 Bf7 26. Ra3 Nd7 27. Nb3 Nf8
28. Na5 Kd6 29. Bc4 Be8 30. Nb3 Nd7 31. Nd2 Ke7 32. Ne4 Bg6 33. Bd3 Bxe4 34.
Bxe4 Kd6 35. f4 Re8 36. Kf3 Nb6 37. Rb3 Nc8 38. Bg6 Rd8 39. e4 Na7 40. Rd3 a5
41. Bf7 a4 42. a3 Nb5 43. Bc4 Nc7 44. f5 b5 45. Ba2 b4 46. Rc4 bxa3 47. bxa3
Rb2 48. e5+ Ke7 49. Rxc6 Nb5 50. exf6+ gxf6 51. Re6+ Kd7 52. Re2 Rxe2 53. Kxe2
Kd6 54. Bc4 Rb8 55. Ke3 Nc7 56. Rd1 Rb2 57. Rh1 Rc2 58. Kd3 Rxg2 59. Rxh6 Rg3+
60. Kc2 Nd5 61. Be2 Rxa3 62. g5 Rg3 63. gxf6 a3 64. f7+ Ke7 65. Bh5 Rg2+ 66.
Kb3 Rg3+ 67. Kc4 Ne3+ 68. Kc5 Nxf5 69. Rh8 1-0

[Event "?"]
[Site "?"]
[Date "1997.08.13"]
[Round "5"]
[White "Feiff, Terry"]
[Black "Akesson, Joel"]
[Result "1-0"]
[WhiteElo "2195"]
[BlackElo "2215"]
[PlyCount "57"]

1. d4 d5 2. c4 c6 3. Nf3 Nf6 4. Nc3 e6 5. e3 Nbd7 6. Qc2 Bd6 7. Bd3 O-O 8. O-O
dxc4 9. Bxc4 Qe7 10. Re1 e5 11. h3 h6 12. Nh4 Nb6 13. Ng6 Qe8 14. Bb3 exd4 15.
Ne2 dxe3 16. Bxe3 Nbd5 17. Bxd5 Nxd5 18. Nxf8 Nxe3 19. Qh7+ Kxf8 20. Nd4 Bf4
21. Rxe3 Bxe3 22. Re1 Be6 23. Rxe3 Ke7 24. Qxg7 Kd6 25. Nxe6 fxe6 26. Rd3+ Kc5
27. Qe5+ Kb6 28. Rb3+ Ka6 29. Ra3+ 1-0

[Event "?"]
[Site "?"]
[Date "1997.08.13"]
[Round "5"]
[White "Pisulinski, Jan"]
[Black "Ziegler, Ari"]
[Result "1/2-1/2"]
[WhiteElo "2385"]
[BlackElo "2440"]
[PlyCount "83"]

1. d4 d5 2. c4 c6 3. Nc3 Nf6 4. Nf3 dxc4 5. a4 Bf5 6. e3 e6 7. Bxc4 Bb4 8. O-O
O-O 9. Qe2 Bg6 10. Ne5 Nbd7 11. Nxg6 hxg6 12. Rd1 Qa5 13. Bd2 e5 14. dxe5 Nxe5
15. Bb3 Rad8 16. Be1 Qb6 17. h3 g5 18. Bc2 a5 19. Kh1 Rde8 20. Ne4 Nxe4 21.
Bxe4 Bxe1 22. Rxe1 Qb4 23. Qc2 g4 24. Bf5 g6 25. Bxg4 Nxg4 26. hxg4 Qxg4 27.
Kg1 Re5 28. f3 Qh4 29. Qf2 Qh6 30. Rad1 Rfe8 31. f4 Rh5 32. Qg3 Rh1+ 33. Kf2
Rxe1 34. Rxe1 Qg7 35. Re2 Qf6 36. Rd2 Rd8 37. Rxd8+ Qxd8 38. Qf3 Qd3 39. Qe2
Qe4 40. b3 Qe8 41. Qd2 Qe6 42. Qd3 1/2-1/2

[Event "?"]
[Site "?"]
[Date "1997.08.13"]
[Round "5"]
[White "Pribyl, Josef"]
[Black "Franz, Karsten"]
[Result "1-0"]
[WhiteElo "2430"]
[BlackElo "2225"]
[PlyCount "63"]

1. e4 g6 2. d4 Bg7 3. Nf3 d6 4. Nc3 Nc6 5. Bb5 a6 6. Bxc6+ bxc6 7. h3 Rb8 8.
O-O Nf6 9. e5 Nd7 10. Qe2 Nb6 11. Re1 O-O 12. Bg5 d5 13. b3 h6 14. Bc1 Qd7 15.
Nd1 Qe6 16. Nb2 a5 17. a4 g5 18. Qe3 Qg6 19. Nd3 Bf5 20. Ba3 Rfe8 21. Rad1 Nd7
22. Qd2 Ra8 23. Re2 Nf8 24. Nc5 Qh5 25. Nh2 Qh4 26. Re3 Be4 27. Nxe4 dxe4 28.
Qe2 f5 29. exf6 exf6 30. g3 Qxh3 31. g4 Qh4 32. Bxf8 1-0

[Event "?"]
[Site "?"]
[Date "1997.08.13"]
[Round "5"]
[White "Schaller, Sven"]
[Black "Pribyl, Martin"]
[Result "0-1"]
[WhiteElo "2315"]
[BlackElo "2355"]
[PlyCount "42"]

1. c4 e5 2. Nc3 Bb4 3. g3 Bxc3 4. bxc3 d6 5. Bg2 Ne7 6. d3 Nbc6 7. e4 O-O 8.
Ne2 f5 9. exf5 Bxf5 10. O-O Qd7 11. Rb1 b6 12. Bg5 Bh3 13. Bxe7 Bxg2 14. Kxg2
Nxe7 15. Nc1 Rf6 16. Rb2 Raf8 17. f3 Rh6 18. Qe2 Qh3+ 19. Kg1 Nf5 20. Qd2 Nxg3
21. hxg3 Qh1+ 0-1

[Event "?"]
[Site "?"]
[Date "1997.08.13"]
[Round "5"]
[White "Ask, Josef"]
[Black "Forchert, Martin"]
[Result "1-0"]
[WhiteElo "2050"]
[BlackElo "2340"]
[PlyCount "79"]

1. e4 Nf6 2. Nc3 d5 3. e5 Ne4 4. Nce2 f6 5. d3 Ng5 6. f4 Nf7 7. d4 c5 8. exf6
exf6 9. g3 Nc6 10. Bg2 Bf5 11. c3 c4 12. b3 Bd3 13. Nh3 Be7 14. Nf2 Bg6 15.
bxc4 dxc4 16. d5 Nb8 17. Qa4+ Nd7 18. Nd4 Nd6 19. Ne6 b5 20. Qd1 Qa5 21. Bd2
Nf8 22. Nxg7+ Kf7 23. Ne6 Re8 24. O-O Nxe6 25. dxe6+ Kxe6 26. Re1+ Kf7 27. Bd5+
Kg7 28. Bc6 Qc7 29. Bxe8 Rxe8 30. Qf3 Rd8 31. Re2 Rd7 32. a4 a6 33. axb5 axb5
34. Ra6 Bf8 35. Bc1 b4 36. cxb4 Nb5 37. Be3 c3 38. f5 Bf7 39. Ra8 Qc4 40. Rxf8
1-0

[Event "?"]
[Site "?"]
[Date "1997.08.14"]
[Round "6"]
[White "Berg, Emanuel"]
[Black "Thoren, Per"]
[Result "1/2-1/2"]
[WhiteElo "2285"]
[BlackElo "2225"]
[PlyCount "60"]

1. e4 e5 2. Nf3 Nc6 3. d4 exd4 4. Nxd4 Bc5 5. Be3 Qf6 6. c3 Nge7 7. Bc4 Ne5 8.
Be2 Qg6 9. O-O d6 10. Kh1 O-O 11. f4 Qxe4 12. Bg1 Bxd4 13. cxd4 N5g6 14. Bd3
Qc6 15. Nc3 Bf5 16. d5 Qd7 17. Be2 Qc8 18. Rc1 a6 19. b4 Bd7 20. a4 Qd8 21. a5
f6 22. Bc4 Re8 23. Qd2 Nf5 24. g4 Nh6 25. h3 Qe7 26. Kh2 Kh8 27. Rfe1 Qf7 28.
Red1 Re7 29. Kg3 Rae8 30. Re1 Rxe1 1/2-1/2

[Event "?"]
[Site "?"]
[Date "1997.08.14"]
[Round "6"]
[White "Andersson, Goran"]
[Black "Karason, Askell"]
[Result "1/2-1/2"]
[WhiteElo "2200"]
[BlackElo "2305"]
[PlyCount "88"]

1. e4 c5 2. Nf3 Nc6 3. d4 cxd4 4. Nxd4 g6 5. Nc3 Bg7 6. Be3 Nf6 7. Bc4 O-O 8.
Bb3 d6 9. f3 Bd7 10. Qd2 Rc8 11. h4 h5 12. O-O-O Ne5 13. Bg5 Rc5 14. Kb1 b5 15.
g4 hxg4 16. f4 Nc4 17. Qd3 Qc8 18. Bxf6 Bxf6 19. Nd5 Kg7 20. h5 Rh8 21. hxg6
fxg6 22. Nxf6 exf6 23. Rxh8 Qxh8 24. Ne2 Be6 25. Ng3 Qh2 26. f5 Ne5 27. Qxd6
Bxb3 28. Qxc5 Bxc2+ 29. Qxc2 Qxg3 30. Qc7+ Kh6 31. Rh1+ Kg5 32. fxg6 Qd3+ 33.
Qc2 Kxg6 34. Qxd3 Nxd3 35. Rf1 Kg5 36. Kc2 Nf4 37. Kd2 g3 38. Ke3 g2 39. Rg1
Kg4 40. e5 fxe5 41. Ke4 Kg3 42. Kxe5 Nd3+ 43. Kd4 Nxb2 44. Kc5 Na4+ 1/2-1/2

[Event "?"]
[Site "?"]
[Date "1997.08.14"]
[Round "6"]
[White "Andersson, Fredrik"]
[Black "Ask, Josef"]
[Result "0-1"]
[WhiteElo "2025"]
[BlackElo "2050"]
[PlyCount "56"]

1. e4 e5 2. Bc4 Nf6 3. d3 c6 4. Nf3 Be7 5. O-O d6 6. Re1 O-O 7. Nbd2 Nbd7 8. c3
d5 9. exd5 cxd5 10. Bb3 Bd6 11. Nf1 Qc7 12. Bg5 a6 13. Bh4 b6 14. Bg3 Bb7 15.
Ne3 g6 16. c4 d4 17. Nd5 Nxd5 18. cxd5 Rae8 19. Rc1 Qb8 20. Qd2 Nc5 21. Qh6 f6
22. Rxc5 bxc5 23. Re4 Qc7 24. Rh4 Qg7 25. Qd2 Bc8 26. Re4 f5 27. Re1 f4 28. Bh4
h6 0-1

[Event "?"]
[Site "?"]
[Date "1997.08.14"]
[Round "6"]
[White "Moberg, Karl Johan"]
[Black "Berg, Klaus"]
[Result "1/2-1/2"]
[WhiteElo "2320"]
[BlackElo "2410"]
[PlyCount "145"]

1. e4 c6 2. d4 d5 3. Nd2 dxe4 4. Nxe4 Bf5 5. Ng3 Bg6 6. h4 h6 7. Nf3 Nd7 8. h5
Bh7 9. Bd3 Bxd3 10. Qxd3 e6 11. Bd2 Ngf6 12. O-O-O Qc7 13. Ne4 O-O-O 14. g3
Nxe4 15. Qxe4 Bd6 16. c4 Nf6 17. Qe2 c5 18. Bc3 cxd4 19. Bxd4 Qa5 20. Kb1 Qf5+
21. Ka1 Bb8 22. Bxf6 gxf6 23. Nd4 Qe5 24. f4 Qxe2 25. Nxe2 Rhg8 26. Kb1 e5 27.
Kc2 exf4 28. Rxd8+ Kxd8 29. gxf4 Rg4 30. Rf1 Rh4 31. Kd3 Rxh5 32. Rg1 Bd6 33.
Rg8+ Kd7 34. Rh8 Bc5 35. Nc3 f5 36. Rh7 Ke6 37. Nd5 Rh3+ 38. Kc2 Bd4 39. b3 a6
40. Kd2 Bb2 41. Kc2 Bd4 42. Kd2 b5 43. Kc2 Ba1 44. Kb1 Rh1+ 45. Kc2 Rh2+ 46.
Kd3 Rh3+ 47. Kc2 Bd4 48. a4 bxc4 49. bxc4 a5 50. Kd2 Rh1 51. Kd3 Bb2 52. Kc2
Ba1 53. Kd3 Rh2 54. Ke3 Rh1 55. Kd3 Bb2 56. Kc2 Bd4 57. Kd3 Ba1 58. Ke3 h5 59.
Rh6+ f6 60. Rh7 h4 61. Ra7 h3 62. Ra8 Kd7 63. Kf2 Bd4+ 64. Kg3 Ra1 65. Rxa5
Ra3+ 66. Kh2 Bf2 67. Ra6 Bg3+ 68. Kxh3 Bxf4+ 69. Kg2 Be5 70. Nxf6+ Bxf6 71.
Rxf6 Rxa4 72. Rxf5 Rxc4 73. Rf6 1/2-1/2

[Event "?"]
[Site "?"]
[Date "1997.08.14"]
[Round "6"]
[White "Pisulinski, Jan"]
[Black "Fries-Nielsen, Jens Ove"]
[Result "1/2-1/2"]
[WhiteElo "2385"]
[BlackElo "2415"]
[PlyCount "26"]

1. d4 d5 2. c4 Nc6 3. Nc3 dxc4 4. d5 Ne5 5. Bf4 Ng6 6. Bg3 Nf6 7. e4 e6 8. Bxc4
exd5 9. exd5 Bd6 10. Nge2 O-O 11. O-O Ng4 12. h3 Bxg3 13. fxg3 N4e5 1/2-1/2

[Event "?"]
[Site "?"]
[Date "1997.08.14"]
[Round "6"]
[White "Franz, Karsten"]
[Black "Feiff, Terry"]
[Result "1/2-1/2"]
[WhiteElo "2225"]
[BlackElo "2195"]
[PlyCount "29"]

1. Nf3 Nf6 2. g3 d5 3. Bg2 Bf5 4. O-O e6 5. d3 h6 6. Nbd2 Be7 7. Qe1 O-O 8. e4
Bh7 9. Qe2 c5 10. e5 Nfd7 11. Ne1 Nc6 12. f4 Rc8 13. Bh3 c4 14. dxc4 dxc4 15.
c3 1/2-1/2

[Event "?"]
[Site "?"]
[Date "1997.08.14"]
[Round "6"]
[White "Ziegler, Ari"]
[Black "Pribyl, Martin"]
[Result "1-0"]
[WhiteElo "2440"]
[BlackElo "2335"]
[PlyCount "201"]

1. d4 Nf6 2. c4 g6 3. Nc3 d5 4. Nf3 Bg7 5. Qb3 dxc4 6. Qxc4 O-O 7. e4 Bg4 8.
Be3 Nfd7 9. Rd1 Nc6 10. Be2 Nb6 11. Qc5 Qd6 12. e5 Qxc5 13. dxc5 Nd7 14. h3 Be6
15. Ng5 Ndxe5 16. Nxe6 fxe6 17. f4 Bh6 18. O-O Rad8 19. g3 Nb4 20. Bf2 Ned3 21.
a3 Nxf2 22. Rxd8 Nxh3+ 23. Kg2 Rxd8 24. axb4 Nxf4+ 25. gxf4 Rd4 26. b5 b6 27.
Bg4 Kf7 28. Re1 bxc5 29. Bxe6+ Kg7 30. Nd5 Bxf4 31. Nxf4 Rxf4 32. b3 Rf6 33.
Bc4 Kf8 34. Re5 c6 35. Rxc5 cxb5 36. Rxb5 Rb6 37. Rc5 Rb7 38. Kf3 Kg7 39. Ke4
Kf6 40. Kd5 h5 41. Ke4 Rd7 42. Ra5 h4 43. Kf3 g5 44. Ra6+ Rd6 45. Rxa7 Kf5 46.
Rxe7 g4+ 47. Ke3 h3 48. Rh7 Rd1 49. Be2 Rc1 50. Rh5+ Kg6 51. Rh8 Rc3+ 52. Bd3+
Kg7 53. Rh7+ Kg8 54. Rh4 Rxb3 55. Rxg4+ Kf7 56. Rh4 Kf6 57. Rxh3 Rb4 58. Rh5
Rg4 59. Be4 Rg5 60. Rh8 Rc5 61. Kf4 Ke6 62. Rh6+ Kd7 63. Ke3 Rc4 64. Kd3 Rb4
65. Bd5 Kc7 66. Bc4 Rb6 67. Rh7+ Kd6 68. Kd4 Rb1 69. Rh6+ Ke7 70. Bd5 Re1 71.
Be4 Kd7 72. Ke5 Kc7 73. Rc6+ Kd7 74. Rb6 Rc1 75. Rh6 Rc5+ 76. Bd5 Kc7 77. Rh7+
Kb6 78. Rb7+ Ka5 79. Rb8 Rc1 80. Kd4 Ka6 81. Bc4+ Ka7 82. Rb4 Rg1 83. Kc5 Rg6
84. Bd5 Rb6 85. Ra4+ Ra6 86. Re4 Kb8 87. Bc6 Ra7 88. Kd6 Rh7 89. Re8+ Ka7 90.
Kc5 Rh5+ 91. Bd5 Rxd5+ 92. Kxd5 Kb6 93. Rb8+ Kc7 94. Rb1 Kd7 95. Rb7+ Kc8 96.
Rh7 Kd8 97. Ke6 Kc8 98. Kd6 Kb8 99. Kc6 Ka8 100. Kb6 Kb8 101. Rh8# 1-0

[Event "?"]
[Site "?"]
[Date "1997.08.14"]
[Round "6"]
[White "Welin, Mats"]
[Black "Kretz, Johan"]
[Result "1-0"]
[WhiteElo "2160"]
[BlackElo "2195"]
[PlyCount "49"]

1. e4 c5 2. Nf3 Nc6 3. d4 cxd4 4. Nxd4 e5 5. Nb5 d6 6. c4 Be7 7. Bd3 Be6 8. O-O
Nf6 9. N1c3 a6 10. Na3 O-O 11. Nc2 Nd7 12. b3 Nc5 13. Be2 f5 14. exf5 Bxf5 15.
Ne3 Be6 16. Bf3 Rb8 17. Bb2 Qd7 18. Ne4 Nxe4 19. Bxe4 Rf4 20. Bd5 Nd4 21. Bxd4
Rxd4 22. Qc2 Rc8 23. Rad1 b5 24. Rxd4 exd4 25. Qf5 1-0

[Event "?"]
[Site "?"]
[Date "1997.08.14"]
[Round "6"]
[White "Forchert, Martin"]
[Black "Lehmann, Holger"]
[Result "1-0"]
[WhiteElo "2340"]
[BlackElo "2160"]
[PlyCount "81"]

1. e4 c5 2. Nf3 Nc6 3. d4 cxd4 4. Nxd4 Qb6 5. Nb3 Nf6 6. Nc3 e6 7. Bd3 Bb4 8.
Bd2 d5 9. exd5 exd5 10. O-O Bg4 11. Nxd5 Bxd1 12. Nxb6 Bxc2 13. Bxb4 axb6 14.
Rfe1+ Kd8 15. Bc3 Bxd3 16. Red1 Kc7 17. Rxd3 Rhe8 18. Kf1 Re6 19. Nd4 Nxd4 20.
Bxd4 Ra5 21. Bc3 Rf5 22. Rc1 Kb8 23. Rd8+ Ka7 24. Bd4 Rc6 25. Rc3 Ra5 26. Rxc6
bxc6 27. Rf8 Rxa2 28. Rxf7+ Ka6 29. Rxg7 Nd5 30. g3 c5 31. Be5 Nb4 32. Rd7 c4
33. Rd6 Kb5 34. Bd4 Nc6 35. Bc3 Ra7 36. Rd5+ Ka4 37. f4 Rc7 38. f5 b5 39. Rc5
b4 40. Be5 Re7 41. Bf6 1-0

[Event "?"]
[Site "?"]
[Date "1997.08.15"]
[Round "7"]
[White "Lahlum, Hans Olav"]
[Black "Hiebel, Johannes"]
[Result "0-1"]
[WhiteElo "2230"]
[BlackElo "2305"]
[PlyCount "96"]

1. d4 Nf6 2. c4 e6 3. Nc3 Bb4 4. Qc2 c5 5. dxc5 Na6 6. a3 Qa5 7. Bd2 Nxc5 8. f3
Bxc3 9. Bxc3 Qa4 10. Qxa4 Nxa4 11. Bd4 b6 12. e4 d6 13. O-O-O e5 14. Be3 Ke7
15. Bd3 Be6 16. b3 Nc5 17. Kb2 a5 18. a4 Nfd7 19. Ne2 Na6 20. Nc3 Ndc5 21. Bc2
Nc7 22. Rd2 Rad8 23. Rhd1 f6 24. f4 h6 25. f5 Bc8 26. Nd5+ Nxd5 27. exd5 Rdg8
28. Rf2 Bd7 29. h3 Be8 30. Rdf1 Nd7 31. g4 g5 32. fxg6 Bxg6 33. Bf5 Bxf5 34.
Rxf5 h5 35. g5 h4 36. gxf6+ Kf7 37. R1f3 Nc5 38. Bxc5 bxc5 39. Kc2 Rg3 40. Kd2
Rb8 41. Rxg3 hxg3 42. Ke2 Rxb3 43. Kf1 Rb4 44. Kg2 Rxa4 45. h4 Rxc4 46. h5 Rf4
47. Rg5 Rxf6 48. Rxg3 Rh6 0-1

[Event "?"]
[Site "?"]
[Date "1997.08.15"]
[Round "7"]
[White "Schaller, Sven"]
[Black "Kretz, Johan"]
[Result "1-0"]
[WhiteElo "2315"]
[BlackElo "2195"]
[PlyCount "77"]

1. c4 c5 2. Nc3 g6 3. Nf3 Bg7 4. d4 cxd4 5. Nxd4 Nc6 6. Nc2 d6 7. e4 Bxc3+ 8.
bxc3 Nf6 9. f3 Qa5 10. Bd3 Nd7 11. Be2 Nc5 12. O-O O-O 13. Nd4 f5 14. exf5 Bxf5
15. Nb3 Qb6 16. Be3 Rad8 17. Qd5+ e6 18. Qd1 g5 19. Qe1 h6 20. h4 Ne5 21. hxg5
hxg5 22. Qg3 Nf7 23. Nxc5 Rc8 24. f4 dxc5 25. fxg5 Qb2 26. Bh5 Qxc3 27. g6 Nd6
28. Rae1 Nxc4 29. Qg5 Nxe3 30. Rxe3 Qd4 31. g4 Be4 32. Rf7 e5 33. Qh6 Qd1+ 34.
Kf2 Qd2+ 35. Kf1 Bd3+ 36. Kg1 Qd1+ 37. Kh2 Qd2+ 38. Kg3 Qxe3+ 39. Qxe3 1-0

[Event "?"]
[Site "?"]
[Date "1997.08.15"]
[Round "7"]
[White "Wolf, Ulrich"]
[Black "Forchert, Martin"]
[Result "0-1"]
[WhiteElo "2200"]
[BlackElo "2340"]
[PlyCount "44"]

1. Nf3 d5 2. d4 Nf6 3. c4 c6 4. Nc3 dxc4 5. a4 Na6 6. e4 Bg4 7. Be3 Qa5 8. Bxc4
Nxe4 9. Bxf7+ Kxf7 10. Qb3+ Be6 11. Qxb7 Rc8 12. Ne5+ Ke8 13. Nxc6 Qb6 14. Qxb6
axb6 15. Na7 Ra8 16. Nxe4 Rxa7 17. d5 Bxd5 18. Nc3 Nb4 19. O-O-O e6 20. Bxb6
Rb7 21. a5 Be7 22. Rhe1 Kf7 0-1

[Event "?"]
[Site "?"]
[Date "1997.08.15"]
[Round "7"]
[White "Feiff, Terry"]
[Black "Barth, Norbert"]
[Result "1/2-1/2"]
[WhiteElo "2195"]
[BlackElo "2195"]
[PlyCount "41"]

1. d4 d5 2. Nf3 Nf6 3. c4 c6 4. cxd5 cxd5 5. Nc3 Nc6 6. Bf4 a6 7. Ne5 e6 8. e3
Nxe5 9. Bxe5 Bd6 10. Bxd6 Qxd6 11. Bd3 e5 12. dxe5 Qxe5 13. Qa4+ Bd7 14. Qd4
Qxd4 15. exd4 Ke7 16. Kd2 Kd6 17. Rhe1 Rae8 18. f3 Nh5 19. g3 g6 20. Rxe8 Bxe8
21. Re1 1/2-1/2

[Event "?"]
[Site "?"]
[Date "1997.08.15"]
[Round "7"]
[White "Fries-Nielsen, Jens Ove"]
[Black "Welin, Mats"]
[Result "1-0"]
[WhiteElo "2415"]
[BlackElo "2160"]
[PlyCount "65"]

1. e4 e5 2. Nf3 Nc6 3. Bb5 a6 4. Ba4 Nf6 5. O-O Nxe4 6. d4 b5 7. Bb3 d5 8. Nxe5
Nxe5 9. dxe5 c6 10. Nd2 Bf5 11. Nxe4 Bxe4 12. Qe2 Be7 13. Be3 O-O 14. Rad1 Qc7
15. f3 Bf5 16. Bf4 Rfe8 17. Kh1 Bf6 18. Rfe1 Re6 19. g4 Bg6 20. Bg3 Rae8 21. f4
Be4+ 22. Kg1 Bd8 23. Qf1 h5 24. Rxe4 dxe4 25. Bxe6 Rxe6 26. f5 Re8 27. gxh5
Qa7+ 28. Kg2 Bc7 29. e6 fxe6 30. Rd7 Qc5 31. f6 Qxc2+ 32. Qf2 Qxf2+ 33. Bxf2
1-0

[Event "?"]
[Site "?"]
[Date "1997.08.15"]
[Round "7"]
[White "Pribyl, Josef"]
[Black "Pisulinski, Jan"]
[Result "1/2-1/2"]
[WhiteElo "2430"]
[BlackElo "2385"]
[PlyCount "22"]

1. c4 c5 2. Nc3 b6 3. e4 Bb7 4. Nf3 d6 5. d4 cxd4 6. Nxd4 Nf6 7. f3 e6 8. Be3
Be7 9. Be2 O-O 10. O-O a6 11. Qd2 Nbd7 1/2-1/2

[Event "?"]
[Site "?"]
[Date "1997.08.15"]
[Round "7"]
[White "Czerwonski, Alexander"]
[Black "Ziegler, Ari"]
[Result "1/2-1/2"]
[WhiteElo "2405"]
[BlackElo "2440"]
[PlyCount "20"]

1. d4 d5 2. c4 c6 3. Nf3 Nf6 4. Nc3 e6 5. Bg5 h6 6. Bxf6 Qxf6 7. e3 Nd7 8. Bd3
dxc4 9. Bxc4 g6 10. O-O Bg7 1/2-1/2

[Event "?"]
[Site "?"]
[Date "1997.08.15"]
[Round "7"]
[White "Berg, Klaus"]
[Black "Thoren, Per"]
[Result "1-0"]
[WhiteElo "2410"]
[BlackElo "2225"]
[PlyCount "123"]

1. d4 f5 2. Nf3 Nf6 3. Bg5 Ne4 4. Bh4 g6 5. Nbd2 Bg7 6. e3 O-O 7. Bd3 d5 8. c4
c6 9. O-O Qd6 10. cxd5 cxd5 11. Qb3 Kh8 12. Bxe4 fxe4 13. Bg3 Qe6 14. Ne5 Nc6
15. Nxc6 bxc6 16. Qa4 g5 17. Rac1 Bd7 18. Nb3 Qf5 19. Nc5 Be8 20. Qa6 e5 21. f3
exd4 22. fxe4 Qc8 23. Rxf8+ Bxf8 24. Be5+ Kg8 25. Qf1 Be7 26. exd5 cxd5 27.
exd4 Bg6 28. Na6 Qg4 29. h3 Qe4 30. Re1 Qc2 31. Nc7 Rf8 32. Qe2 Qxe2 33. Rxe2
Be4 34. Re3 h5 35. Rc3 Bb4 36. Rc6 Bd2 37. Rf6 Be3+ 38. Kf1 Rc8 39. Rh6 Kf7 40.
Rf6+ Kg8 41. Rh6 Rf8+ 42. Ke2 Bc1 43. Nb5 h4 44. Rh8+ Kf7 45. Nd6+ Ke7 46. Rxf8
Kxf8 47. Nxe4 dxe4 48. d5 a6 49. b4 Bf4 50. Bd4 Ke7 51. Bc5+ Kd7 52. a4 Kc7 53.
b5 axb5 54. axb5 Bh2 55. Kd1 Kb7 56. Kc2 Kc7 57. Kc3 Be5+ 58. Kc4 Kd7 59. b6
Kc8 60. d6 Bf4 61. Kd4 e3 62. Kd3 1-0